banner-ar

وزارة الزراعة / (Record no. 6495)

MARC details
000 -الفاتح
حقل البيانات ثابتة الطول 00707nam a2200217Ia 4500
005 - وقت وتاريخ اخر تعامل مع التسجيلة
رقم الضبط 20240530095348.0
008 - عناصر البيانات ثابتة الطول - معلومات عامة
حقل البيانات ثابتة الطول 140319s9999 xx 000 0 ara d
020 ## - الرقم الدولى المعيارى للكتب
الرقم الدولى المعيارى للكتاب 8106302977
040 ## - مصدر الفهرسة
وكالة الفهرسة الأصلية GCL /
وكالة النسخ GCL
082 04 - رقم تصنيف ديوى العشرى
رقم التصنيف 354.5
رقم المادة ق/هـ و
100 1# - المدخل الرئيسى - إسم شخصى
الإسم الشخصى هشام بشير
245 10 - بيان العنوان
العنوان وزارة الزراعة /
بيان المسئوليه,etc هشام بشير
260 ## - PUBLICATION, DISTRIBUTION, ETC. (IMPRINT)
تاريخ النشر أو التوزيع 2003
300 ## - الوصف المادى
التعداد 147 ص ؛
أبعاد الوعاء 20 سم
490 ## - بيان السلسلة
عنوان السلسلة سلسلة الوزارات المصرية
رقم المجلد/ التعيين التسلسلي 0
650 04 - المدخل الاضافى بالموضوع-مصطلح موضوعى
مصطلح موضوعي الزراعة
650 04 - المدخل الاضافى بالموضوع-مصطلح موضوعى
مصطلح موضوعي الوزارات - مصر
650 04 - المدخل الاضافى بالموضوع-مصطلح موضوعى
مصطلح موضوعي وزارة الزراعة
942 ## - عناصر المدخل الإضافي( كوها)
مصدر التصنيف او مخطط الترفيف Dewey Decimal Classification
Koha [default] item type كتاب
260 ## - PUBLICATION, DISTRIBUTION, ETC. (IMPRINT)
-- القاهرة :
-- مركز الدراسات السياسية والاستراتيجية - الأهرام ،
Holdings
حالة التراجع حالة الفقد مصدر التصنيف او خطة الترفيف حالة تلف ليس للاعارة المكان المؤقت الموقع الحالى تاريخ الاكتساب اجمالي اﻻعارات رقم الطلب الباركود تاريخ اخر مشاهدة تاريخ تفعيل السعر نوع وعاء كوها
    ddc     مكتبة القاهرة الكبرى مكتبة القاهرة الكبرى 03/26/2014   354.5 ق/هـ و 13705 03/26/2014 03/26/2014 كتاب
    ddc     مكتبة القاهرة الكبرى مكتبة القاهرة الكبرى 03/26/2014   354.5 ق/هـ و 13706 03/26/2014 03/26/2014 كتاب
    ddc     مكتبة القاهرة الكبرى مكتبة القاهرة الكبرى 03/26/2014   354.5 ق/هـ و 13707 03/26/2014 03/26/2014 كتاب

Powered By

EGPV